|
|
|
|
| LEADER |
05319nam a2200985 4500 |
| 001 |
ocn804860745 |
| 003 |
OCoLC |
| 005 |
20170124071332.9 |
| 006 |
m o d |
| 007 |
cr cn||||||||| |
| 008 |
120806s2012 enka ob 001 0beng d |
| 040 |
|
|
|a DG1
|b eng
|e pn
|c DG1
|d OCLCO
|d YDXCP
|d OCLCQ
|d OCLCA
|d OCLCF
|d OCLCO
|d N$T
|d EBLCP
|d E7B
|d CDX
|d DEBSZ
|d COO
|d UKDOC
|d OCLCO
|d OCLCQ
|d OCLCO
|d OCLCQ
|d OCLCO
|d OCLCQ
|d OCLCO
|d DG1
|d GrThAP
|
| 019 |
|
|
|a 779165872
|a 787845654
|
| 020 |
|
|
|a 9781118290927
|q (electronic bk.)
|
| 020 |
|
|
|a 1118290925
|q (electronic bk.)
|
| 020 |
|
|
|a 9781118290941
|q (electronic bk.)
|
| 020 |
|
|
|a 1118290941
|q (electronic bk.)
|
| 020 |
|
|
|a 9781280587337
|q (MyiLibrary)
|
| 020 |
|
|
|a 1280587334
|q (MyiLibrary)
|
| 020 |
|
|
|z 9780470671566
|
| 020 |
|
|
|z 0470671564
|
| 020 |
|
|
|z 9780470671542
|
| 020 |
|
|
|z 0470671548
|
| 029 |
1 |
|
|a AU@
|b 000049858950
|
| 029 |
1 |
|
|a DEBBG
|b BV040818412
|
| 029 |
1 |
|
|a DEBBG
|b BV041828942
|
| 029 |
1 |
|
|a DEBSZ
|b 372906613
|
| 029 |
1 |
|
|a DEBSZ
|b 397250223
|
| 029 |
1 |
|
|a DEBSZ
|b 428696821
|
| 029 |
1 |
|
|a GBVCP
|b 79003817X
|
| 029 |
1 |
|
|a NZ1
|b 15916402
|
| 035 |
|
|
|a (OCoLC)804860745
|z (OCoLC)779165872
|z (OCoLC)787845654
|
| 037 |
|
|
|a 10.1002/9781118290927
|b Wiley InterScience
|n http://www3.interscience.wiley.com
|
| 043 |
|
|
|a e-uk---
|
| 050 |
|
4 |
|a QH31.T37
|b A87 2012
|
| 072 |
|
7 |
|a BIO
|x 015000
|2 bisacsh
|
| 072 |
|
7 |
|a NAT
|x 010000
|2 bisacsh
|
| 072 |
|
7 |
|a NAT
|x 045040
|2 bisacsh
|
| 072 |
|
7 |
|a SCI
|x 026000
|2 bisacsh
|
| 072 |
|
7 |
|a SCI
|x 020000
|2 bisacsh
|
| 082 |
0 |
4 |
|a 577.09
|2 23
|
| 049 |
|
|
|a MAIN
|
| 100 |
1 |
|
|a Ayres, P. G.
|q (Peter G.)
|
| 245 |
1 |
0 |
|a Shaping ecology :
|b the life of Arthur Tansley /
|c Peter Ayres.
|
| 264 |
|
1 |
|a Chichester, West Sussex, UK ;
|a Malden, Mass. :
|b Wiley-Blackwell,
|c 2012.
|
| 300 |
|
|
|a 1 online resource (xii, 213 pages) :
|b illustrations
|
| 336 |
|
|
|a text
|b txt
|2 rdacontent
|
| 337 |
|
|
|a computer
|b c
|2 rdamedia
|
| 338 |
|
|
|a online resource
|b cr
|2 rdacarrier
|
| 505 |
0 |
|
|a Front Matter -- Kingley Vale: Worth Fighting For -- The Origins of Ecology -- George Tansley, Christian Socialism, and the Working Men's College -- Highgate School, University College, London, and Trinity College, Cambridge -- Teaching at University College, the Chicks, and Marriage to Edith -- Seashores and Woodlands: Looking for Patterns -- The Managing Director of British Ecology -- Disillusion and Disaffection -- The Oxford Years, 1927₆1937 -- The Magnum Opus, Grantchester, and Retirement -- The Years of Fulfilment, 1937₆1953 -- A Detached Liberal Philosopher and Free-Thinker -- References -- Index.
|
| 505 |
0 |
|
|a Kingley Vale: Worth fighting for -- The origins of ecology -- George Tansley, Christian Socialism and the Working Men's College -- Highgate School, University College, London, and Trinity College, Cambridge -- Teaching at University College: The Chicks and marriage to Edith -- Seashores and woodlands: Looking for patterns -- The Managing Director of British Ecology -- Disillusion and disaffection -- The Oxford years, 1927-1937 -- The magnum opus, Grantchester and retirement -- The years of fulfilment, 1937-53 -- A detached liberal philosopher and free-thinker.
|
| 504 |
|
|
|a Includes bibliographical references (pages 198-205) and index.
|
| 588 |
0 |
|
|a Print version record.
|
| 600 |
1 |
0 |
|a Tansley, A. G.
|q (Arthur George),
|c Sir,
|d 1871-1955.
|
| 600 |
1 |
0 |
|a Tansley, A. G.
|q (Arthur George),
|c Sir,
|d 1871-1955
|x Political and social views.
|
| 600 |
1 |
7 |
|a Tansley, A. G.
|q (Arthur George),
|c Sir,
|d 1871-1955.
|2 fast
|0 (OCoLC)fst00197115
|
| 610 |
2 |
0 |
|a Nature Conservancy (Great Britain)
|x History.
|
| 610 |
2 |
0 |
|a Field Studies Council (Great Britain)
|x History.
|
| 610 |
2 |
7 |
|a Field Studies Council (Great Britain)
|2 fast
|0 (OCoLC)fst00580866
|
| 610 |
2 |
7 |
|a Nature Conservancy (Great Britain)
|2 fast
|0 (OCoLC)fst00605039
|
| 650 |
|
0 |
|a Ecologists
|z Great Britain
|v Biography.
|
| 650 |
|
0 |
|a Botanists
|z Great Britain
|v Biography.
|
| 650 |
|
0 |
|a Ecology
|z Great Britain
|x History.
|
| 650 |
|
0 |
|a Nature conservation
|z Great Britain
|x History.
|
| 650 |
|
0 |
|a Natural areas
|z Great Britain
|x History.
|
| 650 |
|
7 |
|a BIOGRAPHY & AUTOBIOGRAPHY
|x Science & Technology.
|2 bisacsh
|
| 650 |
|
7 |
|a NATURE
|x Ecology.
|2 bisacsh
|
| 650 |
|
7 |
|a NATURE
|x Ecosystems & Habitats
|x Wilderness.
|2 bisacsh
|
| 650 |
|
7 |
|a SCIENCE
|x Environmental Science.
|2 bisacsh
|
| 650 |
|
7 |
|a SCIENCE
|x Life Sciences
|x Ecology.
|2 bisacsh
|
| 650 |
|
7 |
|a Botanists.
|2 fast
|0 (OCoLC)fst00836862
|
| 650 |
|
7 |
|a Ecologists.
|2 fast
|0 (OCoLC)fst00901474
|
| 650 |
|
7 |
|a Ecology.
|2 fast
|0 (OCoLC)fst00901476
|
| 650 |
|
7 |
|a Natural areas.
|2 fast
|0 (OCoLC)fst01033960
|
| 650 |
|
7 |
|a Nature conservation.
|2 fast
|0 (OCoLC)fst01034632
|
| 650 |
|
7 |
|a Political and social views.
|2 fast
|0 (OCoLC)fst01353986
|
| 651 |
|
0 |
|a Great Britain
|x Environmental conditions.
|
| 651 |
|
7 |
|a Great Britain.
|2 fast
|0 (OCoLC)fst01204623
|
| 655 |
|
4 |
|a Electronic books.
|
| 655 |
|
7 |
|a Biography.
|2 fast
|0 (OCoLC)fst01423686
|
| 655 |
|
7 |
|a History.
|2 fast
|0 (OCoLC)fst01411628
|
| 710 |
2 |
|
|a Wiley InterScience (Online service)
|
| 776 |
0 |
8 |
|i Print version:
|a Ayres, P.G. (Peter G.).
|t Shaping ecology.
|d Chichester, West Sussex, UK ; Malden, Mass. : Wiley-Blackwell, 2012
|z 9780470671566
|w (DLC) 2011040963
|w (OCoLC)756166975
|
| 856 |
4 |
0 |
|u https://doi.org/10.1002/9781118290927
|z Full Text via HEAL-Link
|
| 994 |
|
|
|a 92
|b DG1
|